000 00855nam a2200241 a 4500
001 64559
003 BD-RjUL
005 20211209081324.0
008 160714s1963 bg ||||| |||| 00| f ben d
020 _c: Rs. 2.00
035 _a(BD-RjUL)64689
040 _aBD-RjUL
_bben
_cBD-RjUL
_dBD-RjUL
041 _aben
082 _223
_a891.443
_bISK 1963
100 1 _aইসলাম, কাজী নজরুল
_9117928
245 1 0 _aকুহেলিকা /
_cকাজী নজরুল ইসলাম
250 _a২য় সং.
260 _aঢাকা :
_bস্ট্যান্ডার্ড পাবলিশার্স লিমিটেড,
_c১৯৬৩
300 _a১৩১ পৃ. ;
_c১৬ সেমি.
650 _aবাংলা উপন্যাস
_9135614
650 _aBengali Fiction
_9135615
942 _2ddc
_cBK
999 _c64559
_d64559